Inventario : (Registro nro. 11129)

Detalles MARC
000 -LIDER
fixed length control field 00945nam a2200337 b 4500
001 - NÚMERO DE CONTROL
Identificador de número de control 0000601
003 - IDENTIFICACDOR DE NÚMERO DE CONTROL
control field DO-SdBNP
005 - DATE AND TIME OF LATEST TRANSACTION
control field 20230515104921.0
007 - CAMPOS FIJOS DE DESCRIPCIÓN FÍSICA
fixed length control field 0000601
008 - ELEMENTOS DE LONGITUD FIJA
fixed length control field 0506171998 mx spa
017 ## - NÚMERO DE REGISTRO DE DERECHOS DE AUTOR
Copyright or legal deposit number
Assigning agency
020 ## - ISBN
International Standard Book Number 9681903811
035 ## - NÚMERO LOCAL
System control number
040 ## - FUENTE DE CATALOGACIÓN
Agencia que crea de manera original el registro BPMSU
Idioma de catalogación spa
Agencia que realiza la transcripción BPMSU
Convenciones de la despripción
082 #4 - NÚMERO DE CLASIFICACIÓN DECIMAL DE DEWEY
Classification number U861.44
Item number B462i 2000
Edition number 22
100 1# - ASIENTO PRINCIPAL -- NOMBRE PERSONAL
Nombre personal Benedetti, Mario
Fechas asociadas con el nombre 1920-2009
9 (RLIN) 42
245 10 - MENCIÓN DE TITULO
Título Inventario :
Subtítulo poesía completa (1986-1991) /
Mención de responsabilidad Mario Benedetti
Medio (Designación general de material)
246 12 - VARIACION DEL TÍTULO
Título propiamente dicho o título corto Inventario dos
260 ## - PUBLICACIÓN, DISTRIBUCIÓN, ETC. (PIE DE IMPRENTA)
Lugar de publicación, distribución, etc México :
Nombre del editor, distribuidor, etc. Alfaguara,
Fecha de publicación, distribución, etc 2000
300 ## - DESCRIPCIÓN FÍSICA
Extensión v p. ;
Dimensiones 19 cm
490 0# - MENCIÓN DE SERIES
Mención de serie Biblioteca Mario Benedetti
490 1# - MENCIÓN DE SERIES
Mención de serie Bolsillo
500 ## - NOTA GENERAL
Nota general Incluye datos biográficos del autor.
500 ## - NOTA GENERAL
Nota general
590 ## - NOTA LOCAL
Texto de la nota local Inventariado, 2023/VM
650 #4 - ENCABEZAMIENTO DE MATERIA--TEMÁTICO
Término temático o nombre geográfico como elemento de entrada Poesía uruguaya
Subdivisión temática general Vida cotidiana
650 #4 - ENCABEZAMIENTO DE MATERIA--TEMÁTICO
Término temático o nombre geográfico como elemento de entrada Poesía amorosa
650 #4 - ENCABEZAMIENTO DE MATERIA--TEMÁTICO
Término temático o nombre geográfico como elemento de entrada Literatura uruguaya
910 ## - VALIDACIÓN
Validación YLOCKWARD/ VMateo V. Control de calidad (BPMSU)
942 ## - ADDED ENTRY ELEMENTS (KOHA)
Source of classification or shelving scheme Dewey Decimal Classification
Koha item type Libros
Existencias
Withdrawn status Lost status Source of classification or shelving scheme Damaged status Not for loan Collection code Home library Current library Date acquired Source of acquisition Full call number Barcode Date last seen Copy number Price effective from Koha item type
    Dewey Decimal Classification     Colección General Biblioteca Pública Metropolitana Salomé Ureña Biblioteca Pública Metropolitana Salomé Ureña 08/09/2016 Alfaguara BPMSU CG U861.44 B462i 2000 BPMSU16080121 08/09/2016 v.2 08/09/2016 Libros
    Dewey Decimal Classification     Colección General Biblioteca Pública Metropolitana Salomé Ureña Biblioteca Pública Metropolitana Salomé Ureña 08/09/2016 Alfaguara BPMSU CG U861.44 B462i 2000 BPMSU16080122 08/09/2016 v.2, e.2 08/09/2016 Libros
    Dewey Decimal Classification     Colección General Biblioteca Pública Metropolitana Salomé Ureña Biblioteca Pública Metropolitana Salomé Ureña 08/09/2016 Alfaguara BPMSU CG U861.44 B462i 2000 BPMSU16080123 08/09/2016 v.2, e.3 08/09/2016 Libros